| 000 | 01328nam a22003257a 4500 | ||
|---|---|---|---|
| 005 | 20240530110410.0 | ||
| 008 | 150215s2011 ua of a 001 0 ara d | ||
| 017 |
_a20244/2006 _bمصر دار الكتب المصرية |
||
| 020 | _a9771437372 | ||
| 040 | _aEG-CaGPL | ||
| 041 | 0 | _aara | |
| 082 | 0 | 4 |
_221 _a502 _bط/ف ن |
| 100 | 1 |
_aفيلان ، جلين _eجلين فيلان |
|
| 245 | 1 | 2 |
_aالحلزون المزدوج : _bالسعى لاكتشاف تركيب الحمض النووى / _cتاليف جلين فيلان ؛ ترجمة حمدى عباس ؛ اشراف داليا محمد ابراهيم |
| 250 | _aط2 | ||
| 260 |
_aالقاهرة : _bنهضة مصر للطباعة والنشر والتوزيع ، _c2011 |
||
| 300 |
_a55 ص : _bايض ؛ _c28 سم |
||
| 490 | 1 | _aناشيونال جيوجرافيك : طلب العلم | |
| 650 | 0 | 4 | _aالهندسة الوراثية |
| 650 | 0 | 4 | _aفسيولوجيا الوراثة |
| 650 | 0 | 4 | _aالخلايا |
| 650 | 0 | 4 |
_aالدم _xفصائل |
| 650 | 0 | 4 | _aالكروموزومات |
| 650 | 0 | 4 | _aالحمض النووى |
| 650 | 0 | 4 |
_aعلم الوراثة _xقانون مندل |
| 700 | 0 |
_aحمدى عباس _eمترجم |
|
| 700 | 0 |
_aداليا محمد ابراهيم _eمشرف |
|
| 942 |
_2ddc _cBK |
||
| 999 |
_c60442 _d60442 |
||